000
00322nam a22001337a 4500
020
_a
978-1-4072-2752-8
082
_a
823
_b
SIM/H
100
_a
FRANCESCA SIMON
245
_a
HORRID HENRY'S HAUNTED HOUSE
260
_a
UNITED KINGDOM
_b
ORION
_c
1999
300
_a
88
650
_a
CHILDRENS STORY BOOK
_z
UNITED KINGDOM
942
_c
BK
999
_c
61
_d
61